| 000 | 02147cam a22005294i 4500 | ||
|---|---|---|---|
| 003 | PE-LiUPU | ||
| 005 | 20250731180057.0 | ||
| 008 | 150617s r 000 0 d | ||
| 020 | _a8434582465 | ||
| 035 | _a(Sirsi) i9788434582460 | ||
| 040 |
_aPE-LiUPU _bspa _cPE-LiUPU _erda |
||
| 049 | _aPRUA | ||
| 082 | 0 | 4 |
_a540.7 _bR84 _221 |
| 100 | 1 |
_aRossotti, Hazel, _eautor. |
|
| 245 | 1 | 0 |
_aIntroducción a la química / _cHazel Rossotti. |
| 264 | 1 |
_aBarcelona : _bSalvat, _c1985. |
|
| 300 |
_a309 páginas ; _c19 cm |
||
| 336 |
_atext _2rdacontent |
||
| 337 |
_aunmediated _2rdamedia |
||
| 338 |
_avolume _2rdacarrier |
||
| 490 | 0 | _aBiblioteca Científica Salvat | |
| 505 | 0 | _aLa evidencia de los sentidos -- La ayuda de la experimentación -- Ampliando los sentidos -- ¿Es pura esta sustancia? -- Aire -- Los gases más ligeros -- Diferentes tipos de átomos -- Pequeños grupos de átomos -- Grandes conjuntos de átomos -- Los elementos componentes -- Variedad en algunas moléculas simples -- La infinita variedad de los compuestos de carbono -- Variedad en la ordenación -- Mezclas de partículas -- Calentar una sustancia -- Cohesión frente al caos -- ¿Habrá reacción? -- Materia y electricidad -- Electrones magnéticos -- Materia y luz -- La energía y el núcleo atómico. | |
| 526 | _aSEG44 | ||
| 526 | _aSEG26 | ||
| 526 | _aP159 | ||
| 526 | _aP155 | ||
| 526 | _aP154 | ||
| 526 | _aP153 | ||
| 526 | _aP150 | ||
| 526 | _aP100 | ||
| 526 | _aP31 | ||
| 526 | _aP30 | ||
| 526 | _aP26 | ||
| 526 | _aP25 | ||
| 526 | _aP24 | ||
| 526 | _aP22 | ||
| 526 | _aP15 | ||
| 526 | _aP10 | ||
| 650 | 0 | 4 |
_aQuímica _xIntroducciones. |
| 910 |
_ajck _bjvq _cjck _d20150616 |
||
| 942 |
_2ddc _cBOOK |
||
| 949 |
_a540.7 R84 _wDEWEY _c1 _i27646 _lCCODEBUL1 _mBUL _p _r0 _sY _tBOOK _u2015-04-21 _xEDUCACION _zUNKNOWN _0COMPRA _o.STAFF. Colección General |
||
| 994 |
_aC0 _bPEPRU |
||
| 596 | _a1 | ||
| 999 |
_a540.7 R84 _wDEWEY _c10588 _i27646 _d10588 _e2017-10-11 _f2021-11-5 _g5 _lCCODEBUL1 _mBUL _n2 _r0 _sY _tBOOK _u2015-4-21 _xBIBLIOTECA _zUNKNOWN _0COMPRA _o.STAFF. Colección General |
||
| 980 |
_81 _gALBERTO SANCHEZ Responsable de Automatización |
||